000 00558nam a22002057a 4500
003 KOHA_MİRAKIL
005 20260330132427.0
008 260330b tu ||||| |||| 00| 0 tur d
020 _a9786257884044
040 _aTR-AnABB
_btur
_cTR-AnABB
041 _atur
082 _a811.42
_bAYG 2020
100 1 _aAygen, Dilaver
245 1 0 _aDayan yüreğim /
_cDilaver Aygen
260 _aAnkara :
_bgece kitaplığı,
_c2020
300 _a382 sayfa ;
_c20 cm
500 _ayazar imzalı
650 0 4 _aTürk edebiyatı, şiir
942 _2ddc
_cBK
999 _c10102
_d10102
900 _bCem ÖZOGLU